• 首页
  • 本馆介绍
  • 公告通知
  • 最新文献
  • 馆藏检索
  • 电子资源
  • 读者导购
  • 参考咨询
  • 我的图书馆
  • 登录
  • 详细信息显示
  • 放入我的书架
  • 预约/预借图书
  • 作者相关作品
  • 分类相关作品
  • 丛书相关作品
  • 出版社相关作品

书目信息

  • 表格格式
  • 工作单格式
  • 卡片格式
题名:
科技武装教育
    
 
作者: 方琨 著
分册:  
出版信息: 北京   北京工业大学出版社  2019.07
页数: 221页
开本: 24cm
丛书名: 学知文库
单 册:
中图分类: G40-06
科图分类:
主题词: 现代教育--xian dai jiao yu--教育技术学
电子资源:
ISBN: 978-7-5639-6911-1
000 00956nam 2200265 450
001 0104125645
005 20201104125714.0
010    @a978-7-5639-6911-1@dCNY68.00
100    @a20200116d2019 em y0chiy50 ea
101 0  @achi
102    @aCN@b110000
105    @aa z 000yy
106    @ar
200 1  @a科技武装教育@Ake ji wu zhuang jiao yu@e现代教育技术理论与实践@f方琨著
210    @a北京@c北京工业大学出版社@d2019.07
215    @a221页@c图@d24cm
225 2  @a学知文库@Axue zhi wen ku@h2019卷
330    @a本书共八章,内容包括:信息化背景下现代教育技术概述、现代教育技术的理论基础、现代教学媒体理论、多媒体教学课件的设计与制作、现代远程教育实践等。
461  0 @12001 @a学知文库
517 1  @a现代教育技术理论与实践@Axian dai jiao yu ji shu li lun yu shi jian
606 0  @a现代教育@Axian dai jiao yu@x教育技术学
690    @aG40-06@v5
701  0 @a方琨@Afang kun@4著
801  0 @aCN@bBJSZM@c20201104
905    @b1261870-3@dG40-06@e1129@f4
    
    科技武装教育:现代教育技术理论与实践/方琨著.-北京:北京工业大学出版社,2019.07
    221页:图;24cm.-(学知文库.2019卷)
    
    
    ISBN 978-7-5639-6911-1:CNY68.00
    本书共八章,内容包括:信息化背景下现代教育技术概述、现代教育技术的理论基础、现代教学媒体理论、多媒体教学课件的设计与制作、现代远程教育实践等。
●
相关链接 在E读中查询图书 在五车中查询图书 在当当中查询图书 在豆瓣中查询图书


正题名:科技武装教育     索取号:G40-06/1129         预约/预借

序号 登录号 条形码 馆藏地/架位号 状态 备注
1 1261870   212618700   第一样本阅览室/ [索取号:G40-06/1129] 在馆    
2 1261871   212618719   教育系资料室/ [索取号:G40-06/1129] 在馆    
3 1261872   212618728   教育系资料室/ [索取号:G40-06/1129] 在馆    
4 1261873   212618737   第四借阅区/ [索取号:G40-06/1129] 在馆    
唐山师范学院图书馆 欢迎您!
大连网信软件有限公司© 版权所有